Eje: Medio ambiente, propuestas metodológicas (Record no. 8167)
[ view plain ]
| 000 -LEADER | |
|---|---|
| campo de control de longitud fija | 00410nam a2200145Ia 4500 |
| 001 - NÚMERO DE CONTROL | |
| campo de control | 1854 |
| 008 - DATOS DE LONGITUD FIJA--INFORMACIÓN GENERAL | |
| campo de control de longitud fija | 241024s9999 xx 000 0 und d |
| 082 ## - NÚMERO DE LA CLASIFICACIÓN DECIMAL DEWEY | |
| Número de clasificación | RD/577.7/R426e |
| 100 ## - ENTRADA PRINCIPAL--NOMBRE DE PERSONA | |
| Nombre de persona | República Dominicana. Secretaría de Estado de Educación y Cultura |
| 245 #0 - MENCIÓN DEL TÍTULO | |
| Título | Eje: Medio ambiente, propuestas metodológicas |
| 260 ## - PUBLICACIÓN, DISTRIBUCIÓN, ETC. | |
| Nombre del editor, distribuidor, etc. | UNICEF |
| Fecha de publicación, distribución, etc. | 1998 |
| 590 ## - NOTA LOCAL (RLIN) | |
| Nota local | si |
| 901 ## - ELEMENTOS DE DATOS A LOCAL LDA (RLIN) | |
| a | 30/9/2011 9:39:44 a.m. |
No items available.